BIBLIOTECA PODER JUDICIAL
Portal Judicial TDF

Testamento electrónico : (Registro nro. 6350)

000 -LEADER
fixed length control field 01536nab a22002777a 4500
003 - CONTROL NUMBER IDENTIFIER
control field OSt
005 - DATE AND TIME OF LATEST TRANSACTION
control field 20260131191829.0
008 - FIXED-LENGTH DATA ELEMENTS--GENERAL INFORMATION
fixed length control field 190603e xxum|||| |||| 00| 0 spa d
040 ## - CATALOGING SOURCE
Transcribing agency PJ
100 ## - MAIN ENTRY--PERSONAL NAME
9 (RLIN) 4896
Personal name Rolón, Avelino
245 10 - TITLE STATEMENT
Title Testamento electrónico :
Remainder of title la inexorable evolución /
Statement of responsibility, etc Avelino Rolon.
260 ## - PUBLICATION, DISTRIBUTION, ETC. (IMPRINT)
Date of publication, distribution, etc Ciudad Autónoma de Buenos Aires :
Place of publication, distribution, etc Thomson Reuters La Ley,
Name of publisher, distributor, etc 2025.
300 ## - PHYSICAL DESCRIPTION
Extent p. 37-48
500 ## - GENERAL NOTE
General note Cita: TR LALEY AR/DOC/2873/2025 <br/>Publicado en: RCCyC 2025 (Diciembre).
505 ## - FORMATTED CONTENTS NOTE
Formatted contents note Sumario: I. Introducción.— II. ¿Qué se entiende por testamento electrónico?— III. Testamento electrónico: firma electrónica y firma digital. La llamada "herencia digital".— IV. Algunos antecedentes jurisprudenciales registrados en otros países.— V. Marco normativo internacional.— VI. El marco legal argentino sobre la materia.— VII. Algunos conceptos a considerar para el testamento electrónico en nuestro país.— VIII. Consideraciones finales.
505 ## - FORMATTED CONTENTS NOTE
Title ¿Te interesa el texto completo? Solicitalo al correo: koha@justierradelfuego.gov.ar
650 #0 - SUBJECT ADDED ENTRY--TOPICAL TERM
9 (RLIN) 1497
Topical term or geographic name as entry element CODIGO CIVIL Y COMERCIAL
650 #0 - SUBJECT ADDED ENTRY--TOPICAL TERM
9 (RLIN) 888
Topical term or geographic name as entry element SUCESIONES
650 #0 - SUBJECT ADDED ENTRY--TOPICAL TERM
9 (RLIN) 1115
Topical term or geographic name as entry element TESTAMENTOS
650 #0 - SUBJECT ADDED ENTRY--TOPICAL TERM
9 (RLIN) 282
Topical term or geographic name as entry element FIRMA DIGITAL
650 #0 - SUBJECT ADDED ENTRY--TOPICAL TERM
9 (RLIN) 4484
Topical term or geographic name as entry element TESTAMENTO OLÓGRAFO
650 #0 - SUBJECT ADDED ENTRY--TOPICAL TERM
9 (RLIN) 2334
Topical term or geographic name as entry element DOCUMENTO ELECTRÓNICO
650 #0 - SUBJECT ADDED ENTRY--TOPICAL TERM
9 (RLIN) 6081
Topical term or geographic name as entry element CIENCIA Y TECNOLOGÍA
773 0# - HOST ITEM ENTRY
Host Biblionumber 2713
Host Itemnumber 3170
Place, publisher, and date of publication Ciudad Autónoma de Buenos Aires : Thomson Reuters La Ley, 2015-
Title Revista Código Civil y Comercial. Nº 6 - Diciembre 2025
942 ## - ADDED ENTRY ELEMENTS (KOHA)
Source of classification or shelving scheme
Koha item type Analítica Artículo de Revista

No hay ítems disponibles.

12 de Octubre 789 Ushuaia - Tel:  54(02901)441571
Horario de Atención: 8.00 a 17.00 hs. 
bibliotecaush@justierradelfuego.gov.ar
koha@justierradelfuego.gov.ar
Seguinos en nuestras redes @bibliojustdf 

Con tecnología Koha